Verte Ir - Anuel AA, Nicky Jam, Darell, Brytiago - Estadísticas

Estadísticas generales
  • Esta prueba ha sido intentada 42 veces
  • La puntuación promedio es 516 de 763
Estadísticas de respuestas
Letra % Correcto
a
100%
A
100%
de
100%
De
100%
lo
100%
me
100%
Me
100%
N
100%
o
100%
Pa
100%
pa
100%
que
100%
qué
100%
C
93%
I
93%
no
93%
No
93%
noche
93%
93%
se
93%
Se
93%
te
93%
Te
93%
ti
93%
93%
93%
Tu
93%
tu
93%
y
93%
Y
93%
aquella
86%
Baby
86%
baby
86%
Con
86%
con
86%
él
86%
el
86%
Él
86%
he
86%
hicimos
86%
mentir
86%
mentira
86%
Pero
86%
tus
86%
vas
86%
yo
86%
Yo
86%
adentro
79%
amaba
79%
conmigo
79%
Conmigo
79%
en
79%
En
79%
Fue
79%
fue
79%
79%
Mi
79%
mi
79%
nada
79%
olvidado
79%
por
79%
Por
79%
Porque
79%
porque
79%
quiero
79%
sabe
79%
sexo
79%
sin
79%
bebé
71%
cuando
71%
cuándo
71%
Cuando
71%
dije
71%
encanta
71%
es
71%
Es
71%
hace
71%
ir
71%
K
71%
llamas
71%
ma
71%
sabes
71%
sentimientos
71%
si
71%
Si
71%
son
71%
sonreír
71%
acostumbraras
64%
Bebecita
64%
como
64%
Cómo
64%
cómo
64%
eres
64%
está
64%
Esta
64%
kilo
64%
la
64%
para
64%
quieres
64%
sentirlo
64%
venir
64%
verte
64%
Ya
64%
ya
64%
cuatro
57%
demonia
57%
diabla
57%
diablo
57%
ese
57%
Ese
57%
estás
57%
hablo
57%
mojas
57%
nalgas
57%
ni
57%
odio
57%
Pablo
57%
pongo
57%
soy
57%
un
57%
cama
50%
cara
50%
da
50%
Desde
50%
detalle
50%
errónea
50%
esas
50%
eso
50%
Esto
50%
estoy
50%
Estoy
50%
gusta
50%
hasta
50%
mujer
50%
Real
50%
real
50%
al
43%
AP
43%
aquí
43%
booty
43%
codeína
43%
diablita
43%
digas
43%
dile
43%
Dime
43%
dime
43%
díme
43%
Dios
43%
eh
43%
Encima
43%
escucha
43%
esperando
43%
gótica
43%
Gracias
43%
guaye
43%
hear
43%
heroína
43%
hoy
43%
infiel
43%
las
43%
le
43%
los
43%
mami
43%
Mami
43%
mereces
43%
muerte
43%
negro
43%
pienso
43%
quedas
43%
sepa
43%
ser
43%
siempre
43%
tienes
43%
toda
43%
todos
43%
traicione
43%
Uah
43%
uah
43%
Una
43%
una
43%
valora
43%
viste
43%
adicto
36%
adoro
36%
bailando
36%
Bebiendo
36%
Brytiago
36%
chiste
36%
cirujano
36%
Colombia
36%
confieso
36%
cuánto
36%
cuerpo
36%
dando
36%
Darell
36%
dejo
36%
demencia
36%
desahogas
36%
Diabólica
36%
encantan
36%
envolviste
36%
fallen
36%
fui
36%
habla
36%
hicieron
36%
influencia
36%
lambe
36%
mala
36%
mándalo
36%
mando
36%
miras
36%
mojarte
36%
morón
36%
mucho
36%
pasaje
36%
pensando
36%
piel
36%
princesa
36%
pudo
36%
pues
36%
regreso
36%
saludos
36%
supo
36%
tatuajes
36%
tesoro
36%
tiraron
36%
tocarte
36%
triste
36%
único
36%
valorar
36%
valoro
36%
volar
36%
acabando
29%
Anuel
29%
aunque
29%
bien
29%
caiga
29%
Callado
29%
carajo
29%
cogiste
29%
dejes
29%
desnudé
29%
Diles
29%
Dímelo
29%
dímelo
29%
diste
29%
enamoraste
29%
entere
29%
entonces
29%
falla
29%
fingir
29%
fronteo
29%
hiciste
29%
hombre
29%
juquear
29%
Kingz
29%
ley
29%
Luian
29%
Mambo
29%
mañana
29%
menudo
29%
mudo
29%
music
29%
nadie
29%
necesitas
29%
Nicky
29%
pelea
29%
preferencia
29%
preso
29%
probar
29%
puede
29%
quedé
29%
Regresa
29%
resalte
29%
Rondon
29%
secuestrarte
29%
solo
29%
tengo
29%
The
29%
this
29%
tiempo
29%
tipo
29%
vete
29%
volando
29%
voy
29%
así
21%
cariño
21%
cojas
21%
falta
21%
Illuminati
21%
Jam
21%
lucha
21%
mirarte
21%
pasando
21%
cuenta
14%
daño
14%
darte
14%
están
14%
horas
14%
manos
14%
Mera
14%
misma
14%
sigues
14%
Eladio
7%
Goro
7%
intocables
7%
mojando
7%
Hydro
0%
Jowny
0%
No se encontraron pruebas coincidentes
Distribución de puntuación
Porcentaje de gente con cada puntuación
Porcentaje por número respondido
Historial de tus puntuaciones
No has intentado esta prueba.